Elán. Legenda 3

Bibliographic Details
Corporate Author: Elán (hudobná skupina) (uci)
Format: Book
Language:Slovak
PhysicalDescription:1 kompaktná platňa (62 min. 57 sek.) stereo
Published: Bratislava Musica 1997
Subjects:

MARC

LEADER 00000nam a2200000 a 4500
001 vtls001393304
003 SK-MaSNL
005 20260301161650.0
008 160624s1997 xo 0 slo
015 |a SNBJ2000/03-01202 
035 |a SNK000347614 
040 |a SNK  |b slo  |c SNK  |e AACR2 
041 0 |a slo 
044 |a xo  |c SK 
080 |a 784.66:785.1(086.7)  |2 1981 
245 1 |a Elán. Legenda  |h zvukový dokument  |n 3 
260 |a Bratislava  |b Musica  |c 1997 
300 |a 1 kompaktná platňa (62 min. 57 sek.)  |b stereo 
505 0 |a Obsahuje 17 piesní 
511 |a Účinkuje hudobná skupina Elán 
650 0 7 |a rock  |2 SNK  |9 3179 
655 7 |a kompaktné platne  |2 SNK  |9 70690 
710 0 |a Elán (hudobná skupina)  |4 uci  |9 34449 
999 |c 810358  |d 812288 
952 |t P60, <03>, [BOOK], {603}  |a SNK  |b SNK  |y PREZ  |7 0  |p 17A0246340  |o snkSCD 364/3  |i snkJK 248/2000  |0 0  |1 0  |4 0  |d 2000-07-25  |l 0  |r 2005-01-02 00:00:00  |w 2026-02-24